Qualitative Research Methods / (Record no. 533963)
[ view plain ]
| 000 -LEADER | |
|---|---|
| fixed length control field | 00355nam a22001337a 4500 |
| 003 - CONTROL NUMBER IDENTIFIER | |
| control field | NUST |
| 038 ## - RECORD CONTENT LICENSOR | |
| Staff Name | waseem |
| 082 ## - DEWEY DECIMAL CLASSIFICATION NUMBER | |
| Classification number | 300.72 |
| Author Mark | RIC |
| 100 ## - MAIN ENTRY--PERSONAL NAME | |
| Personal name | Rice, Pranee Liamputtong |
| 9 (RLIN) | 28041 |
| 245 ## - TITLE STATEMENT | |
| Title | Qualitative Research Methods / |
| Statement of responsibility, etc. | Pranee Liamputtong Rice |
| 260 ## - PUBLICATION, DISTRIBUTION, ETC. | |
| Place of publication, distribution, etc. | New Delhi : |
| Name of publisher, distributor, etc. | Oxford University Press, |
| Date of publication, distribution, etc. | [s.l]. |
| 300 ## - PHYSICAL DESCRIPTION | |
| Extent | 295 p. |
| 942 ## - ADDED ENTRY ELEMENTS (KOHA) | |
| Source of classification or shelving scheme | |
| Koha item type | Book |
| Withdrawn status | Lost status | Source of classification or shelving scheme | Damaged status | Not for loan | Permanent Location | Current Location | Date acquired | Source of acquisition | Total Checkouts | Full call number | Barcode | Date last seen | Date last checked out | Price effective from | Koha item type |
|---|---|---|---|---|---|---|---|---|---|---|---|---|---|---|---|
| Central Library (CL) | Central Library (CL) | 01/26/2020 | Donation | 1 | 001.42 RIC | CL-D-844 | 03/25/2024 | 10/04/2023 | 01/26/2020 | Book |
